Eastern Utah Libraries Catalog: Duchesne, Heber, Roosevelt, & Vernal

Joan of Arc by herself and her witnesses / (Record no. 298728)

MARC details
000 -LEADER
fixed length control field 02505cam a2200577 a 4500
001 - CONTROL NUMBER
control field ocm07900062
003 - CONTROL NUMBER IDENTIFIER
control field OCoLC
005 - DATE AND TIME OF LATEST TRANSACTION
control field 20200320203107.0
008 - FIXED-LENGTH DATA ELEMENTS--GENERAL INFORMATION
fixed length control field 821021t19821964nyuaf 001 0beng
010 ## - LIBRARY OF CONGRESS CONTROL NUMBER
LC control number 82019312
019 ## -
-- 8952750
-- 232539817
020 ## - INTERNATIONAL STANDARD BOOK NUMBER
International Standard Book Number 0812812603
Qualifying information (pbk.)
020 ## - INTERNATIONAL STANDARD BOOK NUMBER
International Standard Book Number 9780812812602
Qualifying information (pbk.)
020 ## - INTERNATIONAL STANDARD BOOK NUMBER
Terms of availability 16.95
029 1# - (OCLC)
OCLC library identifier AU@
System control number 000002391362
029 1# - (OCLC)
OCLC library identifier NZ1
System control number 2736962
035 ## - SYSTEM CONTROL NUMBER
System control number (OCoLC)7900062
Canceled/invalid control number (OCoLC)8952750
-- (OCoLC)232539817
040 ## - CATALOGING SOURCE
Original cataloging agency DLC
Language of cataloging eng
Transcribing agency DLC
Modifying agency BAKER
-- BUR
-- YDXCP
-- OKR
-- NIALS
-- OCLCO
-- OCLCA
-- AZT
-- OCLCQ
-- OCLCO
-- OCLCF
-- OCLCQ
-- DML
-- WACOL
041 1# - LANGUAGE CODE
Language code of text/sound track or separate title eng
Language code of original and/or intermediate translations of text fre
043 ## - GEOGRAPHIC AREA CODE
Geographic area code e-fr---
049 ## - LOCAL HOLDINGS (OCLC)
Holding library WACL
050 00 - LIBRARY OF CONGRESS CALL NUMBER
Classification number DC103
Item number .P3783 1982
082 00 - DEWEY DECIMAL CLASSIFICATION NUMBER
Classification number 944/.026/0924
-- B
Edition number 19
092 ## - LOCALLY ASSIGNED DEWEY CALL NUMBER (OCLC)
Classification number 92
Item number Arc
100 1# - MAIN ENTRY--PERSONAL NAME
Personal name Pernoud, Régine,
Dates associated with a name 1909-1998.
9 (RLIN) 5937138
240 10 - UNIFORM TITLE
Uniform title <a href="Jeanne d'Arc par elle-même et par ses témoins.">Jeanne d'Arc par elle-même et par ses témoins.</a>
Language of a work English
245 10 - TITLE STATEMENT
Title Joan of Arc by herself and her witnesses /
Statement of responsibility, etc Régine Pernoud ; translated from the French by Edward Hyams.
260 ## - PUBLICATION, DISTRIBUTION, ETC. (IMPRINT)
Place of publication, distribution, etc New York :
Name of publisher, distributor, etc Stein and Day,
Date of publication, distribution, etc 1982, ©1964.
300 ## - PHYSICAL DESCRIPTION
Extent 287 pages, [23] pages of plates :
Other physical details illustrations ;
Dimensions 21 cm
336 ## - Content Type
Content type term text
337 ## - Media type
Media type term unmediated
338 ## - Carrier type
Carrier type term volume
500 ## - GENERAL NOTE
General note "A Scarborough book."
500 ## - GENERAL NOTE
General note Translation of: Jeanne d'Arc par elle-même et par ses témoins.
500 ## - GENERAL NOTE
General note Includes index.
520 ## - SUMMARY, ETC.
Summary, etc Presents the love of the famous French martyr through extracts of testimony from her trials of condemnation and rehabilitation and from other primary sources such as letters, journals and account books; accompanied by detailed commentary.
600 00 - SUBJECT ADDED ENTRY--PERSONAL NAME
Personal name Joan,
Titles and other words associated with a name of Arc, Saint,
Dates associated with a name 1412-1431.
9 (RLIN) 6970
600 07 - SUBJECT ADDED ENTRY--PERSONAL NAME
Personal name Joan,
Titles and other words associated with a name of Arc, Saint,
Dates associated with a name 1412-1431.
Source of heading or term fast
-- (OCoLC)fst00032981
9 (RLIN) 6970
600 14 - SUBJECT ADDED ENTRY--PERSONAL NAME
Personal name Joan,
Titles and other words associated with a name of Arc, Saint,
Dates associated with a name 1412-1431.
9 (RLIN) 6970
650 #0 - SUBJECT ADDED ENTRY--TOPICAL TERM
Topical term or geographic name as entry element Christian saints
Geographic subdivision France
Form subdivision Biography.
9 (RLIN) 5937139
650 #7 - SUBJECT ADDED ENTRY--TOPICAL TERM
Topical term or geographic name as entry element Christian saints.
Source of heading or term fast
-- (OCoLC)fst00859491
9 (RLIN) 5937140
651 #7 - SUBJECT ADDED ENTRY--GEOGRAPHIC NAME
Geographic name France.
Source of heading or term fast
-- (OCoLC)fst01204289
9 (RLIN) 5937141
650 04 - SUBJECT ADDED ENTRY--TOPICAL TERM
Topical term or geographic name as entry element Christian saints
Geographic subdivision France
General subdivision Biography.
9 (RLIN) 5937142
655 #7 - INDEX TERM--GENRE/FORM
Genre/form data or focus term Biography.
Source of term fast
-- (OCoLC)fst01423686
9 (RLIN) 5694263
938 ## -
-- Baker & Taylor
-- BKTY
-- 16.95
-- 12.71
-- 0812812603
-- 0000480272
-- active
938 ## -
-- YBP Library Services
-- YANK
-- 718569
942 ## - ADDED ENTRY ELEMENTS (KOHA)
Koha item type BOOK
948 ## - LOCAL PROCESSING INFORMATION (OCLC); SERIES PART DESIGNATOR (RLIN)
Series part designator, SPT (RLIN) 03/21/2017
z (OCLC) Sirsi
994 ## -
-- C0
-- WACOL
996 ## -
-- 139397
-- 34301001490269
-- NF
-- bk
-- wcl
-- i
-- 4
-- 16.95
-- amazon
-- 944 Per
-- 03/22/2017
-- 07/05/2018
-- 07/03/2018
Holdings
Withdrawn status Lost status Source of classification or shelving scheme Damaged status Not for loan Collection code Home library Current library Shelving location Date acquired Source of acquisition Cost, normal purchase price Total Checkouts Total Renewals Full call number Barcode Date last seen Date checked out Cost, replacement price Price effective from Koha item type
    Dewey Decimal Classification     General NonFiction Wasatch County Library Wasatch County Library Second Floor 03/22/2017 Amazon 16.95 7 4 944 Per 34301001490269 04/01/2024 11/08/2022 16.95 03/20/2020 BOOK
This project was made possible through a grant from the Institute of Museum and Library Service administered by the Utah State Library Division.

Wasatch County Library

  • 465 East 1200 South, Heber City, Utah 84032
  • Phone 435-654-1511 | Fax 435-654-6456

Hours

  • Monday - Friday 9:30 AM - 8:00 PM
  • Saturday 9:30 AM - 1:30 PM
  • Closed Sundays and Holidays